| 000 | 00343nam a2200121Ia 4500 | ||
|---|---|---|---|
| 008 | 241028s9999 xx 000 0 und d | ||
| 041 | _aeng | ||
| 082 | _a330.015195 WOO | ||
| 100 | _aWooldridge | ||
| 245 | _aIntroductory Econometrics: A Modern Approach With Mindtap | ||
| 260 |
_bCengage Learning India _aDehli _c2020 |
||
| 300 | _a826;. P. 25 cm | ||
| 999 |
_c43005 _d43005 |
||